00539nam a2200181 a 4500008004100000020001500041050001500056100002200071245011600093250001200209260004600221300002200267350000900289650001500298650001000313650001300323700002100336110908s1991 ||||||||||||||||| || u a0827345313 aRC 952 Heg aHegner, Barbara R10aGeriatrics: a study of maturity.-- 5th ed.cBarbara R. Hegner, Esther Caldwell; contributor, Carol Ann Mitchell a5th ed. aAlbany, New YorkbDelmar Publishersc1991 axiv, 575p. : ill. a0.00 aGERIATRICS aAGING aMEDICINE aCaldwell, Esther